Torschützenkönige der Bundesliga - Statistiken

Allgemein
  • Dieses Quiz wurde 96 mal gespielt
  • Das Durchschnittsergebnis liegt bei 37 aus 62
Antwortstatistiken
Jahr Torjäger Tore Verein % Korrekt
2013/14 Robert Lewandowski 20 Borussia Dortmund
97%
2015/16 Robert Lewandowski 30 FC Bayern München
97%
2017/18 Robert Lewandowski 29 FC Bayern München
97%
2018/19 Robert Lewandowski 22 FC Bayern München
97%
2019/20 Robert Lewandowski 34 FC Bayern München
97%
2020/21 Robert Lewandowski 41 FC Bayern München
97%
2021/22 Robert Lewandowski 35 FC Bayern München
97%
2023/24 Harry Kane 36 FC Bayern München
95%
2024/25 Harry Kane 26 FC Bayern München
95%
1976/77 Dieter Müller 34 1.FC Köln
92%
1977/78 Dieter Müller Gerd Müller 24 1.FC Köln u. FC Bayern München
92%
1968/69 Gerd Müller 30 Bayern München
92%
1969/70 Gerd Müller 38 Bayern München
92%
1971/72 Gerd Müller 40 FC Bayern München
92%
1972/73 Gerd Müller 36 FC Bayern München
92%
1973/74 Jupp Heynckes Gerd Müller 30 Borussia Mönchengladbach u.FC Bayern München
92%
1966/67 Lothar Emmerich Gerd Müller 28 Borussia Dortmund u. FC Bayern München
92%
2016/17 Pierre Emerick Aubameyang 31 Borussia Dortmund
82%
2022/23 Niclas Füllkrug 16 SV Werder Bremen
80%
2009/10 Edin Dzeko 22 VfL Wolfsburg
78%
2010/11 Mario Gomez 28 FC Bayern München
78%
2012/13 Stefan Kießling 25 Bayer 04 Leverkusen
78%
1963/64 Uwe Seeler 30 Hamburger SV
76%
2014/15 Alex Meier 19 Eintracht Frankfurt
75%
2011/12 Klaas-Jan Huntelaar 29 FC Schalke 04
71%
2008/09 Grafite 28 VfL Wolfsburg
70%
2007/08 Luca Toni 24 FC Bayern München
68%
1978/80 Karl-Heinz Rummenigge 26 FC Bayern München
67%
1980/81 Karl-Heinz Rummenigge 29 FC Bayern München
67%
1983/84 Karl-Heinz Rummenigge 26 FC Bayern München
67%
2003/04 Ailton 28 SV Werder Bremen
66%
2005/06 Miroslav Klose 25 SV Werder Bremen
66%
2002/03 Thomas Christiansen Giovane Elber 21 VfL Bochum u.FC Bayern München
61%
1974/75 Jupp Heynckes 27 Borussia Mönchengladbach
57%
2004/05 Marek Mintal 24 1.FC Nürnberg
49%
1996/97 Ulf Kirsten 22 Bayer 04 Leverkusen
48%
1997/98 Ulf Kirsten 22 Bayer 04 Leverkusen
48%
1982/83 Rudi Völler 23 SV Werder Bremen
47%
1975/76 Klaus Fischer 29 FC Schalke 04
44%
2006/07 Theofanis Gekas 20 VfL Bochum
44%
2001/02 Marcio Amoroso Martin Max 18 Borussia Dortmund u.TSV 1860 München
43%
1999/00 Martin Max 19 TSV 1860 München
43%
1987/88 Jürgen Klinsmann 19 VfB Stuttgart
42%
1978/79 Klaus Allofs 22 Fortuna Düsseldorf
39%
1984/85 Klaus Allofs 26 1.FC Köln
39%
1995/96 Fredi Bobic 17 VfB Stuttgart
38%
2000/01 Sergej Barbarez Ebbe Sand 22 Hamburger SV u. FC Schalke 04
37%
1965/66 Lothar Emmerich 31 Borussia Dortmund
33%
1981/82 Horst Hrubesch 27 Hamburger SV
29%
1998/99 Micheal Preetz 23 Hertha BSC
29%
1991/92 Fritz Walter 22 VfB Stuttgart
25%
1985/86 Stefan Kuntz 22 VfL Bochum
24%
1993/94 Stefan Kuntz Anthony Yeboah 18 1.FC Kaiserslautern u. Eintracht Frankfurt
24%
1992/93 Ulf Kirsten Anthony Yeboah 20 Bayer 04 Leverkusen u.Eintracht Frankfurt
24%
1986/87 Uwe Rahn 24 Borussia Mönchengladbach
19%
1994/95 Mario Basler Heiko Herrlich 20 SV Werder Bremen u. Borussia Mönchengladbach
18%
1990/91 Roland Wohlfarth 21 FC Bayern München
16%
1988/89 Thomas Allofs Roland Wohlfarth 17 1.FC Köln u. FC Bayern München
16%
1967/68 Hannes Löhr 27 Borussia Dortmund
13%
1989/90 Jørn Andersen 18 Eintracht Frankfurt
11%
1964/65 Rudolf Brunnenmeier 24 TSV1860 München
9%
1970/71 Lothar Kobluhn 24 Rot-Weiß Oberhausen
8%
Keine übereinstimmenden Quizze gefunden
Verteilung der Resultate
Anzahl Personen mit jedem Resultat
Perzentil nach korrekt beantworteten Fragen
Ihre Resultats-Entwicklung
Sie haben dieses Quiz noch nicht gespielt